000 00542nam a22001937a 4500
003 CEME
005 20210628205424.0
008 210316b xxu||||| |||| 00| 0 eng d
020 _a0-07-882405-2
040 _c.
082 _a005.133-C++ SCH'C
100 _aSchildt, Herbert
_957047
245 _aC plus plus fron the ground uplearn c plus plus fron the master
250 _a2ND
260 _aOSBORNE
_bMCGRAW HILL
_c1998
300 _aXX,668P
650 _aC PLUS PLUS-NEWEST FEATURES C PLUS PLUS- EXAMPLES
_975486
942 _cBK
_2ddc
999 _c580890
_d580890